les 50 manga les plus vendus au monde - Statistiques

Statistiques générales
  • Ce quiz a été pris 299 fois
  • Le résultat moyen est 13 sur 50
Statistiques - réponses
Millions Reponse % Correct
515 millions One Piece
100%
250 millions Naruto
98%
300 millions Dragon Ball
93%
130 millions Bleach
78%
150 millions Demon Slayer
72%
110 millions L'attaque des Titans
68%
70 millions My Hero Academia
67%
84 millions Hunter x Hunter
65%
70 millions Jujutsu Kaisen
65%
73 millions Fairy tail
63%
270 millions Détective Conan
48%
120 millions JoJo's Bizarre Adventure
48%
80 millions Fullmetal Alchemist
40%
170 millions Slam Dunk
37%
65 millions Tokyo Revengers
35%
50 millions Haikyu
34%
95 millions Kingdom
32%
50 millions Nana
25%
85 millions Baki
20%
100 millions Ippo
20%
55 millions Gintama
19%
300 millions Golgo 13
19%
82 millions Captain Tsubasa
17%
250 millions Doraemon
17%
50 millions Saint Seiya
17%
82 millions Vagabond
17%
100 millions Ken le survivant
16%
100 millions Astro, le petit robot
14%
50 millions Yu Yu Hakusho
14%
72 millions Kenshin le vagabond
9%
50 millions Bersek
7%
55 millions Ranma
7%
50 millions Devilman
4%
55 millions Initial D
4%
100 millions Touch
4%
176 millions Black Jack
3%
157 millions KochiKame
3%
130 millions Oishinbo
3%
86 millions Sazae-san
3%
50 millions Dragon Quest
2%
100 millions Les Enquêtes de Kindaichi
2%
148 millions Crayon Shin-chan
1%
55 millions H2
1%
61 millions Major
1%
77 millions Muscleman
1%
60 millions Racaille Blues
1%
55 millions Bads Boys
0%
61 millions Hana yori dango
0%
53 millions Minami no Teio
0%
80 millions Sangokushi
0%
Aucun quiz correspondant
Distribution des résultats
% des personnes avec chaque résultat
Percentile par nombre de réponses
Votre historique - résultats
Vous n’avez pas pris ce quiz